| 000 | 00928nam a2200229Ia 4500 | ||
|---|---|---|---|
| 999 |
_c49638 _d49638 |
||
| 001 | 16570 | ||
| 003 | GE_BSU | ||
| 005 | 20250128115120.0 | ||
| 008 | 181216s2015||||ru |||||||||||||| ||rus|| | ||
| 040 | _cGE_BSU | ||
| 080 | _a811.161.1'36 A-95 | ||
| 100 |
_aАхвледиани, Мераб _96815 |
||
| 245 |
_aРусский Язык : (Фонетика,морфология) : _bУчеб. пособ. для студ. поступающих в вузы / _cМ. Ахвледиани, Д. Абашидзе ; Под ред. : М. Ахвледиани. |
||
| 264 |
_aТбилиси : _bИвериони, _c2015. |
||
| 300 |
_a372 стр. ; _c21см. |
||
| 541 | _h13л. | ||
| 653 | _aРусский Язык | ||
| 653 | _aФонетика, морфология | ||
| 653 | _aრუსული ენა : გრამატიკა | ||
| 653 | _aფონეტიკა, მორფოლოგია | ||
| 942 |
_cBK _2udc |
||